[Event "Benidorm Satellite preliminary"]
[Site "playchess.com #007036"]
[Date "2009.10.24"]
[Round "5"]
[White "Roi folichon"]
[Black "Lei"]
[Result "1/2-1/2"]
[WhiteElo "1569"]
[BlackElo "1366"]
[PlyCount "113"]
[EventDate "2009.10.24"]
[EventType "swiss (blitz)"]

1. e4 {[%emt 0:00:01]} e5 {[%emt 0:00:01]} 2. Nc3 {[%emt 0:00:01]} Nc6 {[%emt
0:00:01]} 3. Nf3 {[%emt 0:00:01]} Bb4 {[%emt 0:00:02]} 4. Bb5 {[%emt 0:00:02]}
d6 {[%emt 0:00:06]} 5. a3 {[%emt 0:00:02]} Bxc3 {[%emt 0:00:02]} 6. bxc3 {
[%emt 0:00:02]} Bd7 {[%emt 0:00:00]} 7. O-O {[%emt 0:00:02]} Nge7 {[%emt 0:00:
01]} 8. Re1 {[%emt 0:00:04]} a6 {[%emt 0:00:02]} 9. Bxc6 {[%emt 0:00:05]} Bxc6
{[%emt 0:00:00]} 10. d4 {[%emt 0:00:01]} O-O {[%emt 0:00:05]} 11. d5 {[%emt 0:
00:00]} Bb5 {[%emt 0:00:02]} 12. Bg5 {[%emt 0:00:01]} f6 {[%emt 0:00:05]} 13.
Be3 {[%emt 0:00:02]} Ng6 {[%emt 0:00:10]} 14. Nd2 {[%emt 0:00:14]} f5 {[%emt 0:
00:04]} 15. f3 {[%emt 0:00:05]} f4 {[%emt 0:00:02]} 16. Bf2 {[%emt 0:00:01]}
Bd7 {[%emt 0:00:08]} 17. c4 {[%emt 0:00:01]} Nh4 {[%emt 0:00:09]} 18. g3 {
[%emt 0:00:06]} Qg5 {[%emt 0:00:07]} 19. g4 {[%emt 0:00:05]} Rf6 {[%emt 0:00:
10]} 20. Re2 {[%emt 0:00:13]} Bxg4 {[%emt 0:00:20]} 21. Bxh4 {[%emt 0:00:10]}
Qxh4 {[%emt 0:00:12]} 22. fxg4 {[%emt 0:00:06]} Qxg4+ {[%emt 0:00:09]} 23. Rg2
{[%emt 0:00:01]} Qh3 {[%emt 0:00:46]} 24. Qf3 {[%emt 0:00:03]} Qh6 {[%emt 0:00:
02]} 25. Kh1 {[%emt 0:00:09]} Raf8 {[%emt 0:00:04]} 26. Rag1 {[%emt 0:00:02]}
b5 {[%emt 0:00:18]} 27. Rxg7+ {[%emt 0:00:06]} Qxg7 {[%emt 0:00:02]} 28. Rxg7+
{[%emt 0:00:02]} Kxg7 {[%emt 0:00:00]} 29. cxb5 {[%emt 0:00:04]} axb5 {[%emt 0:
00:04]} 30. Qg4+ {[%emt 0:00:05]} Rg6 {[%emt 0:00:01]} 31. Qd7+ {[%emt 0:00:07]
} Rf7 {[%emt 0:00:01]} 32. Qxb5 {[%emt 0:00:01]} f3 {[%emt 0:00:14]} 33. Qf1 {
[%emt 0:00:08]} Rg2 {[%emt 0:00:05]} 34. Nxf3 {[%emt 0:00:19]} Rg4 {[%emt 0:00:
20]} 35. Qe2 {[%emt 0:00:24] .} Rgf4 {[%emt 0:00:04]} 36. Nd2 {[%emt 0:00:01]}
Rf2 {[%emt 0:00:03]} 37. Qg4+ {[%emt 0:00:07]} Kh8 {[%emt 0:00:01]} 38. Qc8+ {
[%emt 0:00:06]} Kg7 {[%emt 0:00:02]} 39. Qg4+ {[%emt 0:00:04]} Kh8 {[%emt 0:00:
01]} 40. Qd1 {[%emt 0:00:05]} Rg7 {[%emt 0:00:07]} 41. Nf3 {[%emt 0:00:06]}
Rfg2 {[%emt 0:00:02]} 42. a4 {[%emt 0:00:09]} R2g4 {[%emt 0:00:04]} 43. a5 {
[%emt 0:00:04]} Rxe4 {[%emt 0:00:01]} 44. a6 {[%emt 0:00:01]} Ra4 {[%emt 0:00:
01]} 45. Nh4 {[%emt 0:00:10]} Rxh4 {[%emt 0:00:02]} 46. Qa1 {[%emt 0:00:06]}
Rg8 {[%emt 0:00:01]} 47. a7 {[%emt 0:00:00]} Ra8 {[%emt 0:00:01]} 48. c4 {
[%emt 0:00:02]} Rxc4 {[%emt 0:00:02]} 49. h3 {[%emt 0:00:07]} Rb4 {[%emt 0:00:
01]} 50. Kg2 {[%emt 0:00:02]} Rb7 {[%emt 0:00:01]} 51. Qf1 {[%emt 0:00:04]}
Rg8+ {[%emt 0:00:05]} 52. Kh1 {[%emt 0:00:04]} Rxa7 {[%emt 0:00:02]} 53. Qf6+ {
[%emt 0:00:01]} Rg7 {[%emt 0:00:01]} 54. Qf8+ {[%emt 0:00:07]} Rg8 {[%emt 0:00:
01]} 55. Qf6+ {[%emt 0:00:01]} Rg7 {[%emt 0:00:01]} 56. Qf8+ {[%emt 0:00:01]}
Rg8 {[%emt 0:00:01]} 57. Qf6+ {[%emt 0:00:01]} 1/2-1/2

[Event "Benidorm Satellite preliminary"]
[Site "playchess.com #007036"]
[Date "2009.10.24"]
[Round "5"]
[White "Džundi"]
[Black "Thin_white_duke"]
[Result "0-1"]
[WhiteElo "2649"]
[BlackElo "2340"]
[PlyCount "202"]
[EventDate "2009.10.24"]
[EventType "swiss (blitz)"]

1. d4 {[%emt 0:00:03]} f5 {[%emt 0:00:02]} 2. Nc3 {[%emt 0:00:02]} Nf6 {[%emt
0:00:01]} 3. Bg5 {[%emt 0:00:01]} d5 {[%emt 0:00:00]} 4. e3 {[%emt 0:00:01]} e6
{[%emt 0:00:01]} 5. Bd3 {[%emt 0:00:01]} c5 {[%emt 0:00:01]} 6. Nf3 {[%emt 0:
00:07]} c4 {[%emt 0:00:01]} 7. Be2 {[%emt 0:00:02]} Bb4 {[%emt 0:00:01]} 8. O-O
{[%emt 0:00:03]} O-O {[%emt 0:00:01]} 9. Nb1 {[%emt 0:00:03]} Nbd7 {[%emt 0:00:
02]} 10. b3 {[%emt 0:00:01]} cxb3 {[%emt 0:00:13]} 11. axb3 {[%emt 0:00:02]}
Bd6 {[%emt 0:00:04]} 12. c4 {[%emt 0:00:02]} h6 {[%emt 0:00:02]} 13. Bh4 {
[%emt 0:00:03]} g5 {[%emt 0:00:27]} 14. Bg3 {[%emt 0:00:02]} Bxg3 {[%emt 0:00:
02]} 15. hxg3 {[%emt 0:00:01]} Ne4 {[%emt 0:00:01]} 16. Nfd2 {[%emt 0:00:05]}
b6 {[%emt 0:00:09]} 17. Nxe4 {[%emt 0:00:03]} dxe4 {[%emt 0:00:02]} 18. Nc3 {
[%emt 0:00:03]} Bb7 {[%emt 0:00:16]} 19. f4 {[%emt 0:00:13]} Nf6 {[%emt 0:00:
27]} 20. Kf2 {[%emt 0:00:09]} Qe7 {[%emt 0:00:07]} 21. Rh1 {[%emt 0:00:02]} Kg7
{[%emt 0:00:01]} 22. Qc1 {[%emt 0:00:01]} Qb4 {[%emt 0:00:10]} 23. Qb2 {[%emt
0:00:06]} Rfd8 {[%emt 0:00:18]} 24. Ra4 {[%emt 0:00:03]} Qe7 {[%emt 0:00:02]}
25. Rha1 {[%emt 0:00:03]} a6 {[%emt 0:00:03]} 26. Qa3 {[%emt 0:00:11]} Qf7 {
[%emt 0:00:08]} 27. Qb4 {[%emt 0:00:03]} Qc7 {[%emt 0:00:11]} 28. R4a2 {[%emt
0:00:04]} Rac8 {[%emt 0:00:05]} 29. Rh1 {[%emt 0:00:10]} Rd7 {[%emt 0:00:07]}
30. Na4 {[%emt 0:00:03]} b5 {[%emt 0:00:04]} 31. Nc5 {[%emt 0:00:02]} Re7 {
[%emt 0:00:03]} 32. Nxa6 {[%emt 0:00:10]} Bxa6 {[%emt 0:00:02]} 33. Rxa6 {
[%emt 0:00:02]} bxc4 {[%emt 0:00:03]} 34. bxc4 {[%emt 0:00:01]} Rb8 {[%emt 0:
00:01]} 35. Qa3 {[%emt 0:00:03]} Qd8 {[%emt 0:00:04]} 36. Ra1 {[%emt 0:00:05]}
Reb7 {[%emt 0:00:02]} 37. Ra7 {[%emt 0:00:04]} Kg6 {[%emt 0:00:02]} 38. Rxb7 {
[%emt 0:00:02]} Rxb7 {[%emt 0:00:01]} 39. Ra2 {[%emt 0:00:01]} Rb1 {[%emt 0:00:
03]} 40. Rb2 {[%emt 0:00:01]} Rh1 {[%emt 0:00:03]} 41. Qa2 {[%emt 0:00:07]}
gxf4 {[%emt 0:00:01]} 42. gxf4 {[%emt 0:00:06]} Ng4+ {[%emt 0:00:01]} 43. Bxg4
{[%emt 0:00:02]} Qh4+ {[%emt 0:00:02]} 44. Ke2 {[%emt 0:00:01]} Qxg4+ {[%emt 0:
00:02]} 45. Kd2 {[%emt 0:00:01]} Qd1+ {[%emt 0:00:08]} 46. Kc3 {[%emt 0:00:01]}
Qc1+ {[%emt 0:00:03]} 47. Kb4 {[%emt 0:00:02]} Qxe3 {[%emt 0:00:02]} 48. Qa7 {
[%emt 0:00:24]} Qc1 {[%emt 0:00:09]} 49. Rb3 {[%emt 0:00:04]} Qxf4 {[%emt 0:00:
04]} 50. Qd7 {[%emt 0:00:09]} Kf6 {[%emt 0:00:17]} 51. Kc5 {[%emt 0:00:05]} Ra1
{[%emt 0:00:05]} 52. Qd8+ {[%emt 0:00:11]} Kg6 {[%emt 0:00:02]} 53. Qe8+ {
[%emt 0:00:02]} Kf6 {[%emt 0:00:01]} 54. Rb6 {[%emt 0:00:06]} Ra5+ {[%emt 0:00:
04]} 55. Kc6 {[%emt 0:00:01]} Ra7 {[%emt 0:00:04]} 56. Qd8+ {[%emt 0:00:03]}
Kg6 {[%emt 0:00:02]} 57. Rb8 {[%emt 0:00:05]} Ra6+ {[%emt 0:00:07]} 58. Kb5 {
[%emt 0:00:13] .} Rd6 {[%emt 0:00:01]} 59. Qg8+ {[%emt 0:00:04]} Kh5 {[%emt 0:
00:01]} 60. Kc5 {[%emt 0:00:13]} e3 {[%emt 0:00:02]} 61. Qf7+ {[%emt 0:00:04]}
Kh4 {[%emt 0:00:01]} 62. Qe7+ {[%emt 0:00:01]} Kg3 {[%emt 0:00:02]} 63. Qxd6 {
[%emt 0:00:01]} Qxd6+ {[%emt 0:00:04]} 64. Kxd6 {[%emt 0:00:01]} e2 {[%emt 0:
00:01]} 65. Rb1 {[%emt 0:00:02]} Kxg2 {[%emt 0:00:01]} 66. c5 {[%emt 0:00:01]}
f4 {[%emt 0:00:01]} 67. c6 {[%emt 0:00:00]} f3 {[%emt 0:00:01]} 68. c7 {[%emt
0:00:01]} f2 {[%emt 0:00:01]} 69. c8=Q {[%emt 0:00:01]} f1=Q {[%emt 0:00:02]}
70. Qg8+ {[%emt 0:00:06]} Kh3 {[%emt 0:00:01]} 71. Qxe6+ {[%emt 0:00:02]} Kg3 {
[%emt 0:00:02]} 72. Qe3+ {[%emt 0:00:02]} Kg4 {[%emt 0:00:03]} 73. Qe4+ {[%emt
0:00:01]} Kg3 {[%emt 0:00:01]} 74. Qd3+ {[%emt 0:00:02]} Kg2 {[%emt 0:00:07]
Thin_white_duke ofrece tablas} 75. Qg6+ {[%emt 0:00:24]} Kf2 {[%emt 0:00:01]}
76. Qf5+ {[%emt 0:00:02]} Kg2 {[%emt 0:00:01]} 77. Qg4+ {[%emt 0:00:02]} Kf2 {
[%emt 0:00:02]} 78. Qh4+ {[%emt 0:00:08]} Kg2 {[%emt 0:00:02]} 79. Rxf1 {[%emt
0:00:01]} exf1=Q {[%emt 0:00:04]} 80. Qxh6 {[%emt 0:00:01]} Qa6+ {[%emt 0:00:
03]} 81. Ke7 {[%emt 0:00:03]} Qxh6 {[%emt 0:00:00]} 82. d5 {[%emt 0:00:01]}
Qg7+ {[%emt 0:00:04]} 83. Ke6 {[%emt 0:00:01]} Qg8+ {[%emt 0:00:02]} 84. Ke5 {
[%emt 0:00:01]} Qd8 {[%emt 0:00:02]} 85. d6 {[%emt 0:00:01]} Kf3 {[%emt 0:00:
01]} 86. Ke6 {[%emt 0:00:00]} Ke4 {[%emt 0:00:01]} 87. d7 {[%emt 0:00:00]} Kd4
{[%emt 0:00:01]} 88. Kd6 {[%emt 0:00:01]} Kc4 {[%emt 0:00:01]} 89. Kc6 {[%emt
0:00:01]} Kd4 {[%emt 0:00:05]} 90. Kd6 {[%emt 0:00:01]} Ke4 {[%emt 0:00:01]}
91. Ke6 {[%emt 0:00:01]} Kf4 {[%emt 0:00:01]} 92. Kd6 {[%emt 0:00:01]} Kf5 {
[%emt 0:00:01]} 93. Kc6 {[%emt 0:00:01]} Ke6 {[%emt 0:00:01]} 94. Kc5 {[%emt 0:
00:01]} Qxd7 {[%emt 0:00:01]} 95. Kc4 {[%emt 0:00:01]} Qd5+ {[%emt 0:00:02]}
96. Kc3 {[%emt 0:00:01]} Ke5 {[%emt 0:00:01]} 97. Kb4 {[%emt 0:00:01]} Qc6 {
[%emt 0:00:01]} 98. Kb3 {[%emt 0:00:01]} Kd4 {[%emt 0:00:00]} 99. Kb4 {[%emt 0:
00:01]} Qb6+ {[%emt 0:00:01]} 100. Ka4 {[%emt 0:00:01]} Kc3 {[%emt 0:00:01]}
101. Ka3 {[%emt 0:00:01]} Qa5# {[%emt 0:00:02]} 0-1

[Event "Benidorm Satellite preliminary"]
[Site "playchess.com #007036"]
[Date "2009.10.24"]
[Round "6"]
[White "Chesshero045"]
[Black "Tackiness"]
[Result "0-1"]
[WhiteElo "1753"]
[BlackElo "1666"]
[PlyCount "28"]
[EventDate "2009.10.24"]
[EventType "swiss (blitz)"]

1. e4 {[%emt 0:00:01]} c6 {[%emt 0:00:05]} 2. d4 {[%emt 0:00:01]} d5 {[%emt 0:
00:00]} 3. exd5 {[%emt 0:00:00]} cxd5 {[%emt 0:00:01]} 4. c4 {[%emt 0:00:01]}
Nf6 {[%emt 0:00:01]} 5. Nf3 {[%emt 0:00:01]} Nc6 {[%emt 0:00:01]} 6. Nc3 {
[%emt 0:00:00]} Be6 {[%emt 0:00:01]} 7. c5 {[%emt 0:00:07]} Bg4 {[%emt 0:00:03]
} 8. Be2 {[%emt 0:00:02]} e6 {[%emt 0:00:01]} 9. O-O {[%emt 0:00:02]} Be7 {
[%emt 0:00:01]} 10. h3 {[%emt 0:00:00]} Bh5 {[%emt 0:00:01]} 11. Bf4 {[%emt 0:
00:04]} O-O {[%emt 0:00:02]} 12. Be3 {[%emt 0:00:08]} Ne4 {[%emt 0:00:11]} 13.
a3 {[%emt 0:00:19]} f5 {[%emt 0:00:03]} 14. b4 {[%emt 0:00:02]} Nxc3 {[%emt 0:
00:07] Chesshero045 gibt auf} 0-1

[Event "Benidorm Satellite preliminary"]
[Site "playchess.com #007036"]
[Date "2009.10.24"]
[Round "6"]
[White "Bystrc2010"]
[Black "Jason999"]
[Result "1/2-1/2"]
[WhiteElo "1780"]
[BlackElo "1593"]
[PlyCount "31"]
[EventDate "2009.10.24"]
[EventType "swiss (blitz)"]

1. e4 {[%emt 0:00:01]} c5 {[%emt 0:00:02]} 2. Nf3 {[%emt 0:00:02]} d6 {[%emt 0:
00:02]} 3. d4 {[%emt 0:00:01]} cxd4 {[%emt 0:00:02]} 4. Nxd4 {[%emt 0:00:01]}
Nf6 {[%emt 0:00:03]} 5. Nc3 {[%emt 0:00:01]} g6 {[%emt 0:00:02]} 6. Be3 {[%emt
0:00:02]} Bg7 {[%emt 0:00:02]} 7. f3 {[%emt 0:00:01]} O-O {[%emt 0:00:02]} 8.
Qd2 {[%emt 0:00:01]} Nc6 {[%emt 0:00:04]} 9. O-O-O {[%emt 0:00:02]} d5 {[%emt
0:00:03]} 10. exd5 {[%emt 0:00:05]} Nxd5 {[%emt 0:00:03]} 11. Nxc6 {[%emt 0:00:
05]} bxc6 {[%emt 0:00:01]} 12. Nxd5 {[%emt 0:00:06]} cxd5 {[%emt 0:00:03]} 13.
Bd4 {[%emt 0:00:03]} e6 {[%emt 0:00:44]} 14. Bxg7 {[%emt 0:00:02]} Kxg7 {[%emt
0:00:02]} 15. Qd4+ {[%emt 0:00:04]} Qf6 {[%emt 0:00:05] Jason999 offers a draw}
16. Qxf6+ {[%emt 0:00:05]} 1/2-1/2

[Event "Benidorm Satellite preliminary"]
[Site "playchess.com #007036"]
[Date "2009.10.24"]
[Round "6"]
[White "MrHub"]
[Black "Master--Sim"]
[Result "0-1"]
[WhiteElo "2451"]
[BlackElo "1969"]
[PlyCount "48"]
[EventDate "2009.10.24"]
[EventType "swiss (blitz)"]

1. d4 {[%emt 0:00:00]} d6 {[%emt 0:00:04]} 2. Nf3 {[%emt 0:00:00]} g6 {[%emt 0:
00:01]} 3. Bf4 {[%emt 0:00:01]} Bg7 {[%emt 0:00:00]} 4. c3 {[%emt 0:00:00]} Nf6
{[%emt 0:00:01]} 5. e3 {[%emt 0:00:01]} O-O {[%emt 0:00:01]} 6. h3 {[%emt 0:00:
00]} Nfd7 {[%emt 0:00:01]} 7. Nbd2 {[%emt 0:00:01]} e5 {[%emt 0:00:01]} 8. dxe5
{[%emt 0:00:01]} dxe5 {[%emt 0:00:00]} 9. Bh2 {[%emt 0:00:01]} f5 {[%emt 0:00:
01]} 10. Be2 {[%emt 0:00:02]} g5 {[%emt 0:00:01]} 11. Nc4 {[%emt 0:00:03]} Nc6
{[%emt 0:00:05]} 12. Qd5+ {[%emt 0:00:27]} Kh8 {[%emt 0:00:03]} 13. O-O-O {
[%emt 0:00:03]} Qe7 {[%emt 0:00:03]} 14. Kb1 {[%emt 0:00:09]} Nb6 {[%emt 0:00:
04]} 15. Nxb6 {[%emt 0:00:02]} axb6 {[%emt 0:00:00]} 16. Bb5 {[%emt 0:00:09]}
Be6 {[%emt 0:00:02]} 17. Qd2 {[%emt 0:00:02]} Bxa2+ {[%emt 0:00:03]} 18. Kc1 {
[%emt 0:00:02]} Bb3 {[%emt 0:00:01]} 19. Bxc6 {[%emt 0:00:08]} bxc6 {[%emt 0:
00:04]} 20. Kb1 {[%emt 0:00:12]} Qc5 {[%emt 0:00:03]} 21. Nxg5 {[%emt 0:00:22]}
Ra1+ {[%emt 0:00:04]} 22. Kxa1 {[%emt 0:00:02]} Qa5+ {[%emt 0:00:01]} 23. Kb1 {
[%emt 0:00:01]} Qa2+ {[%emt 0:00:00]} 24. Kc1 {[%emt 0:00:00]} Qa1# {[%emt 0:
00:00]} 0-1

[Event "Benidorm Satellite preliminary"]
[Site "playchess.com #007036"]
[Date "2009.10.24"]
[Round "6"]
[White "Alexrules01"]
[Black "Kampfgeist"]
[Result "1-0"]
[WhiteElo "1591"]
[BlackElo "1339"]
[PlyCount "35"]
[EventDate "2009.10.24"]
[EventType "swiss (blitz)"]

1. d4 {[%emt 0:00:01]} Nf6 {[%emt 0:00:01]} 2. c4 {[%emt 0:00:00]} g6 {[%emt 0:
00:02]} 3. Nc3 {[%emt 0:00:00]} d5 {[%emt 0:00:01]} 4. cxd5 {[%emt 0:00:02]}
Nxd5 {[%emt 0:00:01]} 5. e4 {[%emt 0:00:00]} Nxc3 {[%emt 0:00:01]} 6. bxc3 {
[%emt 0:00:00]} Bg7 {[%emt 0:00:01]} 7. Bc4 {[%emt 0:00:01]} c5 {[%emt 0:00:02]
} 8. Be3 {[%emt 0:00:01]} O-O {[%emt 0:00:03]} 9. Ne2 {[%emt 0:00:01]} cxd4 {
[%emt 0:00:08]} 10. cxd4 {[%emt 0:00:01]} Nc6 {[%emt 0:00:02]} 11. O-O {[%emt
0:00:03]} Bg4 {[%emt 0:00:07]} 12. f3 {[%emt 0:00:02]} Bd7 {[%emt 0:00:04]} 13.
Rb1 {[%emt 0:00:04]} Qc7 {[%emt 0:00:04]} 14. Bf4 {[%emt 0:00:04]} e5 {[%emt 0:
00:06]} 15. Bg3 {[%emt 0:00:17]} Rad8 {[%emt 0:00:12]} 16. d5 {[%emt 0:00:03]}
Nb8 {[%emt 0:00:07]} 17. Qd3 {[%emt 0:00:15]} f5 {[%emt 0:00:08]} 18. d6+ {
[%emt 0:00:09] Kampfgeist gibt auf} 1-0

[Event "Benidorm Satellite preliminary"]
[Site "playchess.com #007036"]
[Date "2009.10.24"]
[Round "6"]
[White "Lei"]
[Black "Wild"]
[Result "1-0"]
[WhiteElo "1374"]
[BlackElo "1401"]
[PlyCount "45"]
[EventDate "2009.10.24"]
[EventType "swiss (blitz)"]

1. e4 {[%emt 0:00:02]} d5 {[%emt 0:00:01]} 2. exd5 {[%emt 0:00:01]} Qxd5 {
[%emt 0:00:04]} 3. Nc3 {[%emt 0:00:01]} Qa5 {[%emt 0:00:02]} 4. d3 {[%emt 0:00:
01]} Bf5 {[%emt 0:00:02]} 5. Bd2 {[%emt 0:00:01]} e6 {[%emt 0:00:01]} 6. Nf3 {
[%emt 0:00:05]} c6 {[%emt 0:00:01]} 7. Be2 {[%emt 0:00:03]} Bb4 {[%emt 0:00:02]
} 8. O-O {[%emt 0:00:01]} Bxc3 {[%emt 0:00:01]} 9. Bxc3 {[%emt 0:00:01]} Qc7 {
[%emt 0:00:15]} 10. Bxg7 {[%emt 0:00:02]} Nd7 {[%emt 0:00:04]} 11. Bxh8 {[%emt
0:00:01]} O-O-O {[%emt 0:00:01]} 12. Bc3 {[%emt 0:00:05]} Ne7 {[%emt 0:00:01]}
13. Nd4 {[%emt 0:00:05]} Rg8 {[%emt 0:00:02]} 14. Nxf5 {[%emt 0:00:04]} Nxf5 {
[%emt 0:00:02]} 15. g3 {[%emt 0:00:11]} h5 {[%emt 0:00:08]} 16. Bxh5 {[%emt 0:
00:02]} Nf6 {[%emt 0:00:08]} 17. Bxf6 {[%emt 0:00:06]} Nh6 {[%emt 0:00:07]} 18.
Qd2 {[%emt 0:00:07]} e5 {[%emt 0:00:09]} 19. Qxh6 {[%emt 0:00:03]} e4 {[%emt 0:
00:05]} 20. dxe4 {[%emt 0:00:06]} Qb6 {[%emt 0:00:04]} 21. Rad1 {[%emt 0:00:12]
} a6 {[%emt 0:00:04]} 22. Bxf7 {[%emt 0:00:02]} Rxg3+ {[%emt 0:00:11]} 23. hxg3
{[%emt 0:00:02] Wild gibt auf} 1-0

[Event "Benidorm Satellite preliminary"]
[Site "playchess.com #007036"]
[Date "2009.10.24"]
[Round "6"]
[White "Daisuke"]
[Black "Beckhambauer"]
[Result "1-0"]
[WhiteElo "1821"]
[BlackElo "1596"]
[PlyCount "55"]
[EventDate "2009.10.24"]
[EventType "swiss (blitz)"]

1. Nc3 {[%emt 0:00:02]} c5 {[%emt 0:00:06]} 2. d4 {[%emt 0:00:02]} cxd4 {[%emt
0:00:02]} 3. Qxd4 {[%emt 0:00:01]} d6 {[%emt 0:00:01]} 4. h4 {[%emt 0:00:02]}
Nc6 {[%emt 0:00:01]} 5. Qd1 {[%emt 0:00:03]} g6 {[%emt 0:00:08]} 6. h5 {[%emt
0:00:01]} Bg7 {[%emt 0:00:04]} 7. hxg6 {[%emt 0:00:01]} hxg6 {[%emt 0:00:02]}
8. Rxh8 {[%emt 0:00:01]} Bxh8 {[%emt 0:00:01]} 9. Bd2 {[%emt 0:00:00]} Bf5 {
[%emt 0:00:04]} 10. e4 {[%emt 0:00:02]} Bd7 {[%emt 0:00:03]} 11. Qe2 {[%emt 0:
00:03]} Qb6 {[%emt 0:00:10]} 12. Qb5 {[%emt 0:00:02]} Qxb5 {[%emt 0:00:08]} 13.
Nxb5 {[%emt 0:00:01]} O-O-O {[%emt 0:00:03]} 14. O-O-O {[%emt 0:00:07]} a6 {
[%emt 0:00:01]} 15. Nc3 {[%emt 0:00:01]} Nf6 {[%emt 0:00:14]} 16. f3 {[%emt 0:
00:02]} Nh5 {[%emt 0:00:05]} 17. Bc4 {[%emt 0:00:07]} Ne5 {[%emt 0:00:08]} 18.
Bb3 {[%emt 0:00:05]} b5 {[%emt 0:00:13]} 19. Nge2 {[%emt 0:00:03]} Be6 {[%emt
0:00:38]} 20. Nd5 {[%emt 0:00:08]} Bxd5 {[%emt 0:00:03]} 21. Bxd5 {[%emt 0:00:
02]} Nf6 {[%emt 0:00:06]} 22. Bb3 {[%emt 0:00:02]} Kb7 {[%emt 0:00:04]} 23. f4
{[%emt 0:00:01]} Nc4 {[%emt 0:00:06]} 24. Bxc4 {[%emt 0:00:02]} bxc4 {[%emt 0:
00:01]} 25. Ng3 {[%emt 0:00:03]} Ka7 {[%emt 0:00:02]} 26. Be3+ {[%emt 0:00:02]}
Ka8 {[%emt 0:00:02]} 27. e5 {[%emt 0:00:02]} dxe5 {[%emt 0:00:02]} 28. Rxd8+ {
[%emt 0:00:03] Beckhambauer gibt auf} 1-0

[Event "Benidorm Satellite preliminary"]
[Site "playchess.com #007036"]
[Date "2009.10.24"]
[Round "6"]
[White "Masfouf"]
[Black "Slobster"]
[Result "1-0"]
[WhiteElo "2019"]
[BlackElo "1655"]
[PlyCount "57"]
[EventDate "2009.10.24"]
[EventType "swiss (blitz)"]

1. e4 {[%emt 0:00:02]} d5 {[%emt 0:00:00]} 2. e5 {[%emt 0:00:01]} Nf6 {[%emt 0:
00:00]} 3. exf6 {[%emt 0:00:02]} exf6 {[%emt 0:00:01]} 4. d4 {[%emt 0:00:01]}
c5 {[%emt 0:00:02]} 5. c3 {[%emt 0:00:03]} Nc6 {[%emt 0:00:02]} 6. Bb5 {[%emt
0:00:03]} Bd7 {[%emt 0:00:01]} 7. Bxc6 {[%emt 0:00:01]} Bxc6 {[%emt 0:00:02]}
8. Nf3 {[%emt 0:00:00]} Be7 {[%emt 0:00:00]} 9. O-O {[%emt 0:00:01]} O-O {
[%emt 0:00:00]} 10. Re1 {[%emt 0:00:01]} Bd6 {[%emt 0:00:02]} 11. dxc5 {[%emt
0:00:02]} Bxc5 {[%emt 0:00:01]} 12. Bf4 {[%emt 0:00:00]} Qb6 {[%emt 0:00:01]}
13. Qc2 {[%emt 0:00:05]} Rae8 {[%emt 0:00:03]} 14. Na3 {[%emt 0:00:01]} g5 {
[%emt 0:00:18]} 15. Bg3 {[%emt 0:00:07]} g4 {[%emt 0:00:01]} 16. Nh4 {[%emt 0:
00:01]} Rxe1+ {[%emt 0:00:27]} 17. Rxe1 {[%emt 0:00:02]} Re8 {[%emt 0:00:01]}
18. Rxe8+ {[%emt 0:00:02]} Bxe8 {[%emt 0:00:01]} 19. b4 {[%emt 0:00:01]} Qe6 {
[%emt 0:00:07]} 20. h3 {[%emt 0:00:08]} Bf8 {[%emt 0:00:14]} 21. hxg4 {[%emt 0:
00:07]} Qxg4 {[%emt 0:00:05]} 22. Nf5 {[%emt 0:00:02]} Bd7 {[%emt 0:00:11]} 23.
Nd4 {[%emt 0:00:01]} h5 {[%emt 0:00:14]} 24. Qe2 {[%emt 0:00:02]} Qg6 {[%emt 0:
00:04]} 25. Nac2 {[%emt 0:00:03]} h4 {[%emt 0:00:03]} 26. Bxh4 {[%emt 0:00:03]}
Bh3 {[%emt 0:00:07]} 27. Qf3 {[%emt 0:00:02]} Bg4 {[%emt 0:00:08]} 28. Qxf6 {
[%emt 0:00:01]} Qd3 {[%emt 0:00:12]} 29. Qg5+ {[%emt 0:00:03] Slobster ger upp}
1-0

[Event "Benidorm Satellite preliminary"]
[Site "playchess.com #007036"]
[Date "2009.10.24"]
[Round "6"]
[White "Shakked"]
[Black "sabla"]
[Result "0-1"]
[WhiteElo "1427"]
[BlackElo "1704"]
[PlyCount "62"]
[EventDate "2009.10.24"]
[EventType "swiss (blitz)"]

1. e4 {[%emt 0:00:00]} Nc6 {[%emt 0:00:02]} 2. d4 {[%emt 0:00:06]} d5 {[%emt 0:
00:01]} 3. e5 {[%emt 0:00:05]} Bf5 {[%emt 0:00:01]} 4. f4 {[%emt 0:00:10]} e6 {
[%emt 0:00:01]} 5. Nf3 {[%emt 0:00:03]} Bg4 {[%emt 0:00:01]} 6. h3 {[%emt 0:00:
03]} Bxf3 {[%emt 0:00:01]} 7. gxf3 {[%emt 0:00:01]} Qh4+ {[%emt 0:00:03]} 8.
Ke2 {[%emt 0:00:03]} Nh6 {[%emt 0:00:07] Shakked offers a draw} 9. Qe1 {[%emt
0:00:04]} Qh5 {[%emt 0:00:03]} 10. Bg2 {[%emt 0:00:06]} Nxd4+ {[%emt 0:00:02]}
11. Kd3 {[%emt 0:00:20]} Nc6 {[%emt 0:00:12]} 12. Nc3 {[%emt 0:00:10]} Qf5+ {
[%emt 0:00:02]} 13. Ne4 {[%emt 0:00:21]} dxe4+ {[%emt 0:00:04]} 14. fxe4 {
[%emt 0:00:00]} O-O-O+ {[%emt 0:00:02]} 15. Ke3 {[%emt 0:00:05]} Qg6 {[%emt 0:
00:05]} 16. Bf3 {[%emt 0:00:10]} f5 {[%emt 0:00:05]} 17. Rg1 {[%emt 0:00:03]}
Qf7 {[%emt 0:00:02]} 18. exf5 {[%emt 0:00:04]} Nxf5+ {[%emt 0:00:02]} 19. Kf2 {
[%emt 0:00:03]} Bc5+ {[%emt 0:00:02]} 20. Be3 {[%emt 0:00:03]} Bxe3+ {[%emt 0:
00:01]} 21. Qxe3 {[%emt 0:00:00]} Nxe3 {[%emt 0:00:02]} 22. Kxe3 {[%emt 0:00:
00]} Nd4 {[%emt 0:00:03]} 23. Rad1 {[%emt 0:00:00]} Nxc2+ {[%emt 0:00:01]} 24.
Ke2 {[%emt 0:00:02]} Qxf4 {[%emt 0:00:01]} 25. Bxb7+ {[%emt 0:00:03]} Kxb7 {
[%emt 0:00:02]} 26. Rxd8 {[%emt 0:00:04]} Qe3+ {[%emt 0:00:02]} 27. Kd1 {[%emt
0:00:03]} Rxd8+ {[%emt 0:00:01]} 28. Kxc2 {[%emt 0:00:02]} Qxg1 {[%emt 0:00:04]
} 29. b4 {[%emt 0:00:00]} Qe3 {[%emt 0:00:03]} 30. a4 {[%emt 0:00:00]} Rd2+ {
[%emt 0:00:01]} 31. Kc1 {[%emt 0:00:02]} Qe1# {[%emt 0:00:01]} 0-1